000 00600nam a22001935i 4500
001 53306
003 ES-MaACL
005 20230906162736.0
007 t|
008 940301s1895 sp ||||1| spa d
040 _aCLM
_bspa
245 0 0 _aImpresiones y recuerdos
_b: artículos publicados en el Diario de Cádiz.
260 _aCadiz :
_b[s.n.],
_c1895 (
_fImp. de la revista médica, de D. Federico Joly y Velasco)
300 _a423 p. ;
_c24 cm.
490 1 _aEpisodios contemporáneos
830 0 _aEpisodios contemporáneos
_9230245
852 _aES-MaACL
_jC-2582
999 _c53306
_d53306